000 00669nam a2200253Ia 4500
003 OSt
005 20221007110158.0
006 a|||||r|||| 00| 0
007 ta
008 221006b |||||||| |||| 00| 0 eng d
024 _a20,546
037 _cTextual
040 _aLCO
_cLCO
_beng
041 _2eng
_aeng
082 _aZ1,6, L8
100 _aSzabo Imre Ed.
_9707176
245 0 _aComparative Law
260 _aBudapest
_bAkademiai Kiado Hungary
_c1978
300 _a438
650 _aCOMPARATIVE LAW
_9681818
700 _a Peteri Zoltan
_9707177
942 _hZ1,6, L8
_cTEXL
999 _c1190109
_d1190109